Tax reform act of 1975 : hearings before the Committee on Finance, United States Senate, Ninety-fourth Congress, second session, on H.R. 10612 ...
| Corporate Authors: | , |
|---|---|
| Format: | Government Document eBook |
| Language: | English |
| Published: |
Washington :
U.S. Govt. Print. Off,
1976.
|
| Series: | U.S. Congressional Hearings.
|
| Subjects: | |
| Online Access: | Connect to the full text of this electronic book Connect to the full text of this electronic book Connect to the full text of this electronic book Connect to the full text of this electronic book Connect to the full text of this electronic book Connect to the full text of this electronic book Connect to the full text of this electronic book Connect to the full text of this electronic book |
MARC
| Tag | First Indicator | Second Indicator | Subfields |
|---|---|---|---|
| LEADER | 00000cam a22000001a 4500 | ||
| 001 | in00003208621 | ||
| 006 | m d f | ||
| 007 | cr bn mmmapmmp | ||
| 008 | 090922s1976 dcua o f000 0 eng d | ||
| 005 | 20260504202233.7 | ||
| 035 | |a cis2007441521 | ||
| 040 | |a UMI |c UMI |d UtOrBLW | ||
| 043 | |a n-us--- | ||
| 086 | 0 | |a Y 4.F 49:T 19/46/pt.1-8 | |
| 099 | |a HRG-1976-FNS-0017 | ||
| 099 | |a HRG-1976-FNS-0018 | ||
| 099 | |a HRG-1976-FNS-0019 | ||
| 099 | |a HRG-1976-FNS-0020 | ||
| 099 | |a HRG-1976-FNS-0021 | ||
| 099 | |a HRG-1976-FNS-0031 | ||
| 099 | |a HRG-1976-FNS-0032 | ||
| 099 | |a HRG-1976-FNS-0033 | ||
| 110 | 1 | |a United States. |b Congress. |b Senate. |b Committee on Finance. | |
| 245 | 1 | 0 | |a Tax reform act of 1975 : |b hearings before the Committee on Finance, United States Senate, Ninety-fourth Congress, second session, on H.R. 10612 ... |
| 264 | 1 | |a Washington : |b U.S. Govt. Print. Off, |c 1976. | |
| 300 | |a 1 online resource. | ||
| 336 | |a text |b txt |2 rdacontent | ||
| 337 | |a computer |b c |2 rdamedia | ||
| 338 | |a online resource |b cr |2 rdacarrier | ||
| 500 | |a Record is based on bibliographic data in ProQuest Congressional Hearings Digital Collection. Reuse except for individual research requires license from ProQuest, LLC. | ||
| 538 | |a System requirements: PDF reader software. | ||
| 500 | |a Electronic resource. | ||
| 650 | 0 | |a Income tax |x Law and legislation |z United States. | |
| 650 | 0 | |a Taxation |x Law and legislation |z United States. | |
| 655 | 7 | |a Electronic books. |2 local | |
| 710 | 2 | |a ProQuest (Firm) | |
| 776 | 0 | 8 | |i Print version: |a United States. Congress. Senate. Committee on Finance |t Tax reform act of 1975 |w (DLC)76602042 //r77 |
| 776 | 0 | 8 | |i Microfiche version: |a United States. Congress. Senate. Committee on Finance |t Tax reform act of 1975. |d [Bethesda, Md.] : ProQuest,[2004] |o CIS 76 S361-25 (pt. 1) |o CIS 76 S361-26 (pt. 2) |o CIS 76 S361-27 (pt. 3) |o CIS 76 S361-28 (pt. 4) |o CIS 76 S361-29 (pt. 5) |o CIS 76 S361-41 (pt. 6) |o CIS 76 S361-42 (pt. 7) |o CIS 76 S361-43 (pt. 8) |w (ProQuest)cis07602787 |
| 830 | 0 | |a U.S. Congressional Hearings. | |
| 856 | 4 | 0 | |u http://proxy.library.tamu.edu/login?url=https://congressional.proquest.com/congcomp/getdoc?HEARING-ID=HRG-1976-FNS-0017 |z Connect to the full text of this electronic book |t 0 |
| 856 | 4 | 0 | |u http://proxy.library.tamu.edu/login?url=https://congressional.proquest.com/congcomp/getdoc?HEARING-ID=HRG-1976-FNS-0018 |z Connect to the full text of this electronic book |t 0 |
| 856 | 4 | 0 | |u http://proxy.library.tamu.edu/login?url=https://congressional.proquest.com/congcomp/getdoc?HEARING-ID=HRG-1976-FNS-0019 |z Connect to the full text of this electronic book |t 0 |
| 856 | 4 | 0 | |u http://proxy.library.tamu.edu/login?url=https://congressional.proquest.com/congcomp/getdoc?HEARING-ID=HRG-1976-FNS-0020 |z Connect to the full text of this electronic book |t 0 |
| 856 | 4 | 0 | |u http://proxy.library.tamu.edu/login?url=https://congressional.proquest.com/congcomp/getdoc?HEARING-ID=HRG-1976-FNS-0021 |z Connect to the full text of this electronic book |t 0 |
| 856 | 4 | 0 | |u http://proxy.library.tamu.edu/login?url=https://congressional.proquest.com/congcomp/getdoc?HEARING-ID=HRG-1976-FNS-0031 |z Connect to the full text of this electronic book |t 0 |
| 856 | 4 | 0 | |u http://proxy.library.tamu.edu/login?url=https://congressional.proquest.com/congcomp/getdoc?HEARING-ID=HRG-1976-FNS-0032 |z Connect to the full text of this electronic book |t 0 |
| 856 | 4 | 0 | |u http://proxy.library.tamu.edu/login?url=https://congressional.proquest.com/congcomp/getdoc?HEARING-ID=HRG-1976-FNS-0033 |z Connect to the full text of this electronic book |t 0 |
| 998 | |a cis07602787 | ||
| 999 | |a MARS | ||
| 999 | f | f | |s 00085d5a-304c-344a-970a-ac8d74dc982a |i 45343b69-e5be-3bca-b18d-d025d9caecd9 |t 0 |
| 952 | f | f | |a Texas A&M University |b College Station |c Electronic Resources |s www_evans |d Available Online |t 0 |e HRG-1976-FNS-0033 |h Other scheme |
| 998 | f | f | |a HRG-1976-FNS-0033 |t 0 |l Available Online |